A kukoricatermesztés agrotechnikai problémái, betakarítása, tárolása, a hozamnövelés lehetőségei a Városföldi Állami Gazdaságban

Elmentve itt :
Bibliográfiai részletek
Szerző: Tarjányi József
További közreműködők: Fehér Károly (Témavezető)
Dokumentumtípus: Szakdolgozat
Megjelent: 1981
Kulcsszavak:Kukoricatermesztés
Agrotechnika
Városföld
Tárgyszavak:
Online Access:http://diploma.bibl.u-szeged.hu/98533
LEADER 00835nta a2200229 i 4500
001 dipl98533
005 20220112092912.0
008 220112s1981 hu om 0|| hun d
040 |a SZTE Diploma Repozitórium  |b hun 
041 |a hun 
100 1 |a Tarjányi József 
245 1 2 |a A kukoricatermesztés agrotechnikai problémái, betakarítása, tárolása, a hozamnövelés lehetőségei a Városföldi Állami Gazdaságban  |h [elektronikus dokumentum] /  |c József Tarjányi 
260 |c 1981 
300 |a 28 
650 4 |a Agrár 
650 4 |a Agricultural sciences 
650 4 |a Agriculture, forestry and fisheries 
695 |a Kukoricatermesztés 
695 |a Agrotechnika 
695 |a Városföld 
700 1 |a Fehér Károly  |e ths 
856 4 0 |u http://diploma.bibl.u-szeged.hu/id/eprint/98533/1/1981_tarjanyi_jozsef.pdf  |z Dokumentum-elérés